000 00789nam a2200241Ia 4500
003 OSt
005 20220926005919.0
006 a|||||r|||| 00| 0
007 ta
008 220923b |||||||| |||| 00| 0 eng d
037 _cGeneral Book
040 _aRTL
_cRTL
_beng
041 _2eng
_aeng
082 _aY:3217.212.N7, L7
100 _aPuthenkalam J
_9311377
245 0 _aMarriage and the family in Kerala
_b With special reference
260 _a New Delhi
_bThe Author India
_c1977
300 _axvi,246p
_ccm.
490 _aJournal of comparative family studies ,Monograph series . Ed by George Kuriah
500 _aBibliography P 236-241; Appendix P 219-235
942 _hY:3217.212.N7, L7
_cGB
_2CC
999 _c615753
_d615753